书目信息 |
| 题名: |
土力学与地基基础
|
|
| 作者: | 盛海洋 主编 | |
| 分册: | ||
| 出版信息: | 北京 人民交通出版社 2024.08 |
|
| 页数: | 312页 | |
| 开本: | 26cm | |
| 丛书名: | ||
| 单 册: | ||
| 中图分类: | TU4 | |
| 科图分类: | ||
| 主题词: | 土力学--tu li xue--职业教育--教材 , 地基--di ji--基础(工程)--职业教育--教材 | |
| 电子资源: | ||
| ISBN: | 978-7-114-19415-3 | |
| 000 | 01025nam0 2200265 450 | |
| 001 | 95609 | |
| 005 | 20250902174155.67 | |
| 010 | @a978-7-114-19415-3@dCNY56.00 | |
| 100 | @a20240914d2024 em y0chiy50 ea | |
| 101 | 0 | @achi |
| 102 | @aCN@b110000 | |
| 105 | @aak z 000yy | |
| 106 | @ar | |
| 200 | 1 | @a土力学与地基基础@Atu li xue yu di ji ji chu@f盛海洋主编 |
| 205 | @a第2版 | |
| 210 | @a北京@c人民交通出版社@d2024.08 | |
| 215 | @a312页@c图@d26cm | |
| 330 | @a本书将土力学与地基基础项目分解为土的工程性质测试与现场鉴别、土中应力与地基沉降变形计算、土的抗剪强度与地基土承载力的确定、土压力计算与挡土墙设计、基础设计与施工、地基处理等六个学习情境。 | |
| 333 | @a职业教育·交通运输大类专业基础课教材 福建省级职业教育在线精品课程配套教材 福建省级职业教育专业教学资源库配套教材 | |
| 606 | 0 | @a土力学@Atu li xue@x职业教育@j教材 |
| 606 | 0 | @a地基@Adi ji@x基础(工程)@x职业教育@j教材 |
| 690 | @aTU4@v5 | |
| 701 | 0 | @a盛海洋@Asheng hai yang@4主编 |
| 801 | 0 | @aCN@c20250909 |
| 905 | @a河南城建学院图书馆@dTU4@eS473=2@f1 | |
| 土力学与地基基础/盛海洋主编.-第2版.-北京:人民交通出版社,2024.08 |
| 312页:图;26cm |
| 使用对象:职业教育·交通运输大类专业基础课教材 福建省级职业教育在线精品课程配套教材 福建省级职业教育专业教学资源库配套教材 |
| ISBN 978-7-114-19415-3:CNY56.00 |
| 本书将土力学与地基基础项目分解为土的工程性质测试与现场鉴别、土中应力与地基沉降变形计算、土的抗剪强度与地基土承载力的确定、土压力计算与挡土墙设计、基础设计与施工、地基处理等六个学习情境。 |
| ● |
| 相关链接 |
|
|
|
正题名:土力学与地基基础
索取号:TU4/S473=2
 
预约/预借
| 序号 | 登录号 | 条形码 | 馆藏地/架位号 | 状态 | 备注 |
| 1 | 1629667 | 216296675 | 建筑库101/101建筑库 92排4列2层/ [索取号:TU4/S473=2] | 在馆 |